000 00917nas a2200277 4500
001 BR2015001561
003 BR-BrBNA
005 20231205125124.0
007 ta
008 230509b bl.|||p| |||| 00| 00por d
040 _aBR-BrBNA
_bpor
_cBiblioteca Nacional de Agricultura
041 _a(Pt)
072 _aF50; F60; Q04
100 1 _aPimenta, A.C.
100 1 _aSilva, P.S. da R. e
100 1 _aZuffellato-Ribas, K.C.
100 1 _aKoehler, H.S.
245 1 _aCaracterização de plantas e de frutos de araticunzeiro (Annona crassiflora Mart.)nativos no cerrado matogrossense
650 _aARATICUM
650 _aFRUTA TROPICAL
650 _aMORFOLOGIA VEGETAL
650 _aPROPRIEDADE FÍSICO-QUÍMICA
773 0 _tRevista Brasileira de Fruticultura (Brazil)
_xISSN 0100-2945
_g(Dec 2014), v. 36(4) p. 892-899
_wBR2015001561
909 _a202311
_bLúcia
_c55
_dLúcia Elande
942 _2AGRIS
_n0
_cANA
999 _c242759
_d242759